住友信託銀行史

Enregistré dans:
Détails bibliographiques
Collectivité auteur: 住友信託銀行史編纂委員会
Format: Livre
Langue:Undetermined
Publié: 大阪 住友信託銀行 1966
Sujets:
Tags: Ajouter un tag
Pas de tags, Soyez le premier à ajouter un tag!
Thư viện lưu trữ: Trung tâm Học liệu Trường Đại học Cần Thơ
LEADER 00548nam a2200193Ia 4500
001 CTU_89067
008 210402s9999 xx 000 0 und d
082 |a 338.8 
082 |b S955 
110 |a 住友信託銀行史編纂委員会 
245 0 |a 住友信託銀行史 
245 0 |c 住友信託銀行史編纂委員会 
260 |a 大阪 
260 |b 住友信託銀行 
260 |c 1966 
650 |a Corporations,Corporation 
650 |x Japan,Sumitomo Bank 
904 |i Ngoc 
980 |a Trung tâm Học liệu Trường Đại học Cần Thơ